=LDR 00000nam 2200000 4500 =001 INLIS000000000017328 =005 20130612112528 =008 ***********************************Ind** =035 ##$$0010-061300000017328 =041 ##$$a Ind =082 ##$$a 621 =090 ##$$a 621, Sun m =100 ##$$a Sunarto, Nakula =245 ##$$a Motor serba guna, Nakoela Soenarta ; Shoichi Furuhama =260 ##$$a 2002 $b Jakarta =300 ##$$a x, 226 hlm, ilus, 26 cm =650 ##$$a Motor =850 ##$$a NBPNMAT =990 ##$$a 0001/BPAP-NTB/20142014 =990 ##$$a 0001/BPAP-NTB/20142014 =990 ##$$a 0001/BPAP-NTB/2016